000 01051nam a2200265 i 4500
001 8807
003 KOSZ 005
005 20240405062959.0
008 070719s1969 pl a f 000 0 pol
015 _aPB 1970/3721
040 _aWA N
_cKOSZ 005/RW
_dKOSZ 005/RW
080 _a69(438):631.2(438):72(438)(081.1)
245 0 0 _a20-lecie biur projektów budownictwa wiejskiego /
_cprzewodn. kol. Marian Zawiślak.
246 3 _aDwudziestolecie biur projektów budownictwa wiejskiego.
260 _aWarszawa :
_bBiuro Studiów i Projektów Wzorcowych Budownictwa Wiejskiego,
_c1969.
300 _a269, [1] s. podł. :
_bil., mapy ;
_c23 cm.
380 _aKsiążki.
650 4 _aBiura projektowe
_zPolska
_y1944-1989 r.
650 4 _aBudownictwo wiejskie
_xprojekty
_xzakłady
_zPolska
_y1944-1989 r.
648 4 _a1901-2000
648 4 _a1945-1989
700 1 _aZawiślak, Marian.
_eRedakcja
856 _uhttp://koha.tu.koszalin.pl/cgi-bin/koha/opac-detail.pl?biblionumber=8807
_yKatalog online BPK
942 _2UKD
_cKS
999 _c8807
_d8807